000 00328nam a22001457a 4500
008 190129b xxu||||| |||| 00| 0 eng d
020 _a9780781763226
041 _aeng
080 _a616.31
082 _210 th
_a616.31
100 _a5
101 _aSTO
245 _aDental Hygienist
_c Wilkins M.Esther
942 _2udc
_cBK
999 _c53851
_d53851